[Event "Pobeskydi 2026"]
[Site "Frydek-Mistek, Czech Republic"]
[Date "2026.04.04"]
[Round "5.10"]
[White "Dobsa, Emma"]
[Black "Durovka, Marek"]
[Result "0-1"]
[TimeControl "90 min+30s/move"]
[WhiteTitle "-"]
[BlackTitle "-"]
[WhiteFideId "23709391"]
[BlackFideId "14959542"]
[WhiteElo "1921"]
[BlackElo "2054"]

1. e4 {[%clk 01:30:58]} {[%emt 00:00:02]} e6 {[%clk 01:30:34]} {[%emt
00:00:28]} 2. d4 {[%clk 01:31:19]} {[%emt 00:00:07]} d5 {[%clk 01:30:58]}
{[%emt 00:00:07]} 3. Nd2 {[%clk 01:31:43]} {[%emt 00:00:05]} c5 {[%clk
01:31:16]} {[%emt 00:00:12]} 4. Ngf3 {[%clk 01:31:58]} {[%emt 00:00:14]} cxd4
{[%clk 01:31:21]} {[%emt 00:00:25]} 5. Nxd4 {[%clk 01:32:20]} {[%emt 00:00:09]}
Nc6 {[%clk 01:30:56]} {[%emt 00:00:55]} 6. Bb5 {[%clk 01:32:31]} {[%emt
00:00:19]} Bd7 {[%clk 01:30:05]} {[%emt 00:01:21]} 7. Nxc6 {[%clk 01:32:45]}
{[%emt 00:00:16]} Bxc6 {[%clk 01:28:08]} {[%emt 00:02:27]} 8. Bxc6+ {[%clk
01:33:05]} {[%emt 00:00:10]} bxc6 {[%clk 01:28:36]} {[%emt 00:00:01]} 9. c4
{[%clk 01:21:55]} {[%emt 00:11:40]} d4 {[%clk 00:54:58]} {[%emt 00:34:08]} 10.
Nf3 {[%clk 01:19:24]} {[%emt 00:03:01]} c5 {[%clk 00:54:09]} {[%emt 00:01:20]}
11. Ne5 {[%clk 01:16:17]} {[%emt 00:03:37]} Qa5+ {[%clk 00:52:51]} {[%emt
00:01:47]} 12. Bd2 {[%clk 01:16:35]} {[%emt 00:00:12]} Qa6 {[%clk 00:53:04]}
{[%emt 00:00:19]} 13. Qf3 {[%clk 01:15:12]} {[%emt 00:01:52]} Qb7 {[%clk
00:46:45]} {[%emt 00:06:49]} 14. O-O {[%clk 01:13:57]} {[%emt 00:01:44]} Nf6
{[%clk 00:37:59]} {[%emt 00:09:16]} 15. Rfe1 {[%clk 01:06:24]} {[%emt
00:08:04]} Be7 {[%clk 00:25:29]} {[%emt 00:12:59]} 16. Qg3 {[%clk 00:58:46]}
{[%emt 00:08:08]} O-O {[%clk 00:16:12]} {[%emt 00:09:47]} 17. Bh6 {[%clk
00:52:14]} {[%emt 00:07:01]} Ne8 {[%clk 00:16:00]} {[%emt 00:00:43]} 18. Nd3
{[%clk 00:50:59]} {[%emt 00:01:44]} Kh8 {[%clk 00:13:46]} {[%emt 00:02:45]} 19.
Bd2 {[%clk 00:50:44]} {[%emt 00:00:45]} Rc8 {[%clk 00:10:33]} {[%emt 00:03:43]}
20. e5 {[%clk 00:47:57]} {[%emt 00:03:17]} Bd8 {[%clk 00:08:20]} {[%emt
00:02:43]} 21. b4 {[%clk 00:43:39]} {[%emt 00:04:48]} cxb4 {[%clk 00:06:56]}
{[%emt 00:01:54]} 22. Bxb4 {[%clk 00:43:59]} {[%emt 00:00:10]} Be7 {[%clk
00:07:13]} {[%emt 00:00:13]} 23. Rab1 {[%clk 00:43:04]} {[%emt 00:01:25]} Rxc4
{[%clk 00:03:53]} {[%emt 00:03:49]} 24. Bd6 {[%clk 00:38:21]} {[%emt 00:05:14]}
Qd7 {[%clk 00:04:12]} {[%emt 00:00:11]} 25. Rb8 {[%clk 00:38:09]} {[%emt
00:00:42]} Nxd6 {[%clk 00:03:40]} {[%emt 00:01:02]} 26. Rxf8+ Bxf8 {[%clk
00:04:09]} 27. exd6 {[%emt 00:00:03]} Qxd6 {[%clk 00:02:34]} {[%emt 00:02:04]}
28. Ne5 {[%clk 00:38:54]} {[%emt 00:00:32]} Qc7 {[%clk 00:02:35]} {[%emt
00:00:29]} 29. Nxc4 {[%clk 00:38:51]} {[%emt 00:00:32]} Qxc4 {[%clk 00:02:50]}
{[%emt 00:00:16]} 30. Qb8 {[%clk 00:38:43]} {[%emt 00:00:37]} Qc5 {[%clk
00:01:05]} {[%emt 00:02:15]} 31. g3 {[%clk 00:38:02]} {[%emt 00:01:11]} Kg8
{[%clk 00:01:10]} {[%emt 00:00:25]} 32. Rb1 {[%clk 00:35:30]} {[%emt 00:03:01]}
d3 {[%clk 00:00:39]} {[%emt 00:01:02]} 33. Qd8 {[%clk 00:34:08]} {[%emt
00:01:52]} Qc3 {[%clk 00:00:33]} {[%emt 00:00:33]} 34. Rd1 {[%clk 00:33:32]}
{[%emt 00:01:09]} Qc2 {[%clk 00:00:45]} {[%emt 00:00:19]} 35. Rxd3 {[%clk
00:33:53]} {[%emt 00:00:08]} Qxa2 {[%clk 00:01:14]} 36. h4 {[%clk 00:31:09]}
{[%emt 00:03:14]} Qb1+ {[%clk 00:01:18]} {[%emt 00:00:26]} 37. Rd1 {[%clk
00:31:03]} {[%emt 00:00:36]} Qb6 {[%clk 00:00:53]} {[%emt 00:00:55]} 38. Qa8
{[%clk 00:30:03]} {[%emt 00:01:30]} a5 {[%clk 00:00:46]} {[%emt 00:00:37]} 39.
Ra1 {[%clk 00:30:03]} {[%emt 00:00:29]} g6 {[%clk 00:00:34]} {[%emt 00:00:43]}
40. Rxa5 {[%clk 00:29:53]} {[%emt 00:00:41]} Kg7 {[%clk 00:00:58]} {[%emt
00:00:05]} 41. Ra1 {[%clk 00:29:13]} {[%emt 00:01:10]} Bc5 {[%clk 00:01:12]}
{[%emt 00:00:16]} 42. Qf3 {[%clk 00:29:28]} {[%emt 00:00:15]} Bd4 {[%clk
00:00:57]} {[%emt 00:00:44]} 43. Rd1 {[%clk 00:29:37]} {[%emt 00:00:20]} e5
{[%clk 00:01:08]} {[%emt 00:00:20]} 44. Kg2 {[%clk 00:27:13]} {[%emt 00:02:54]}
Qf6 {[%clk 00:01:10]} {[%emt 00:00:28]} 45. Qe2 {[%clk 00:27:09]} {[%emt
00:00:35]} Qc6+ {[%clk 00:01:12]} {[%emt 00:00:28]} 46. Kh2 {[%clk 00:26:59]}
{[%emt 00:00:40]} Qf6 {[%clk 00:00:56]} {[%emt 00:00:46]} 47. Rd2 {[%clk
00:27:10]} {[%emt 00:00:20]} h5 {[%clk 00:00:39]} {[%emt 00:00:46]} 48. Kg1
{[%clk 00:27:02]} {[%emt 00:00:38]} Qf5 {[%clk 00:00:50]} {[%emt 00:00:19]} 49.
Rd3 {[%clk 00:25:31]} {[%emt 00:02:01]} Kh7 {[%clk 00:00:34]} {[%emt 00:00:45]}
50. Rf3 {[%clk 00:25:38]} {[%emt 00:00:22]} Qb1+ {[%clk 00:00:43]} {[%emt
00:00:23]} 51. Kh2 {[%clk 00:25:42]} {[%emt 00:00:24]} Kg7 {[%clk 00:00:50]}
{[%emt 00:00:25]} 52. Qa6 {[%clk 00:25:22]} {[%emt 00:00:50]} Qb6 {[%clk
00:00:40]} {[%emt 00:00:40]} 53. Qc4 {[%clk 00:24:40]} {[%emt 00:01:11]} Qb7
{[%clk 00:00:50]} {[%emt 00:00:20]} 54. Rb3 {[%clk 00:24:09]} {[%emt 00:01:02]}
Qe4 {[%clk 00:00:34]} {[%emt 00:00:46]} 55. Qf1 {[%clk 00:19:11]} {[%emt
00:05:27]} Qc2 {[%clk 00:00:39]} {[%emt 00:00:25]} 56. Rf3 {[%clk 00:19:22]}
{[%emt 00:00:19]} e4 {[%clk 00:00:44]} {[%emt 00:00:27]} 57. Ra3 {[%clk
00:11:25]} {[%emt 00:08:26]} Bxf2 {[%clk 00:00:38]} {[%emt 00:00:36]} 58. Kh3
{[%clk 00:09:41]} {[%emt 00:02:14]} Qc5 {[%clk 00:00:38]} {[%emt 00:00:30]} 59.
Ra4 {[%clk 00:07:53]} {[%emt 00:02:18]} Qf5+ {[%clk 00:00:57]} {[%emt
00:00:10]} 60. Kh2 {[%clk 00:07:29]} {[%emt 00:00:54]} Bxg3+ {[%clk 00:01:22]}
{[%emt 00:00:05]} 61. Kg2 {[%clk 00:07:56]} {[%emt 00:00:03]} Qxf1+ {[%clk
00:01:04]} {[%emt 00:00:48]} 62. Kxf1 {[%clk 00:08:24]} {[%emt 00:00:03]} f5
{[%clk 00:01:26]} {[%emt 00:00:08]} 63. Ra7+ {[%clk 00:08:40]} {[%emt
00:00:14]} Kh6 {[%clk 00:01:42]} {[%emt 00:00:14]} 64. Kg2 {[%clk 00:09:00]}
{[%emt 00:00:09]} Bxh4 {[%clk 00:02:03]} {[%emt 00:00:10]} 65. Ra4 {[%clk
00:09:09]} {[%emt 00:00:21]} Bf6 {[%clk 00:02:21]} {[%emt 00:00:12]} 66. Ra6
{[%clk 00:09:30]} {[%emt 00:00:09]} Kg5 {[%clk 00:02:45]} {[%emt 00:00:05]} 67.
Kf2 {[%clk 00:09:50]} {[%emt 00:00:10]} Be5 {[%clk 00:02:30]} {[%emt 00:00:46]}
68. Ra5 {[%clk 00:10:01]} {[%emt 00:00:19]} Kf4 {[%clk 00:02:46]} {[%emt
00:00:14]} 69. Ra3 {[%clk 00:10:18]} {[%emt 00:00:12]} Bd4+ {[%clk 00:03:02]}
{[%emt 00:00:14]} 70. Kg2 {[%clk 00:10:40]} {[%emt 00:00:08]} g5 {[%clk
00:03:14]} {[%emt 00:00:18]} 71. Rh3 {[%clk 00:10:58]} {[%emt 00:00:11]} h4
{[%clk 00:03:39]} {[%emt 00:00:07]} 72. Rh1 {[%clk 00:11:15]} {[%emt 00:00:11]}
Kg4 {[%clk 00:03:58]} {[%emt 00:00:12]} 73. Re1 {[%clk 00:11:33]} {[%emt
00:00:12]} h3+ {[%clk 00:04:22]} {[%emt 00:00:07]} 74. Kh1 {[%clk 00:11:49]}
{[%emt 00:00:14]} Bf2 {[%clk 00:04:24]} {[%emt 00:00:28]} 75. Re2 {[%clk
00:12:09]} {[%emt 00:00:10]} Kf3 {[%clk 00:04:50]} {[%emt 00:00:04]} 76. Ra2
{[%clk 00:12:27]} {[%emt 00:00:12]} e3 {[%clk 00:05:01]} {[%emt 00:00:19]} 77.
Ra3 {[%clk 00:12:39]} {[%emt 00:00:18]} g4 {[%clk 00:04:54]} {[%emt 00:00:37]}
78. Rb3 {[%clk 00:13:02]} {[%emt 00:00:07]} Be1 {[%clk 00:05:07]} {[%emt
00:00:15]} 79. Rb1 {[%clk 00:13:00]} {[%emt 00:00:33]} Kf2 {[%clk 00:04:54]}
{[%emt 00:00:43]} 80. Rb5 {[%clk 00:12:46]} {[%emt 00:00:44]} f4 {[%clk
00:05:03]} {[%emt 00:00:21]} 81. Rg5 {[%clk 00:12:50]} {[%emt 00:00:26]} Kf3
{[%clk 00:04:44]} {[%emt 00:00:50]} 82. Rb5 {[%clk 00:12:43]} {[%emt 00:00:37]}
g3 {[%clk 00:04:49]} {[%emt 00:00:25]} 83. Rg5 {[%clk 00:12:57]} {[%emt
00:00:16]} g2+ {[%clk 00:05:13]} {[%emt 00:00:06]} 84. Kh2 {[%clk 00:12:55]}
{[%emt 00:00:32]} Bg3+ {[%clk 00:05:36]} {[%emt 00:00:07]} 0-1

[Event "Pobeskydi 2026"]
[Site "Frydek-Mistek, Czech Republic"]
[Date "2026.04.04"]
[Round "5.11"]
[White "Bjolek, Jan"]
[Black "Vancakova, Veronika"]
[Result "1/2-1/2"]
[TimeControl "90 min+30s/move"]
[WhiteTitle "-"]
[BlackTitle "-"]
[WhiteFideId "23725800"]
[BlackFideId "23731907"]
[WhiteElo "2026"]
[BlackElo "1937"]

1. d4 {[%clk 01:30:58]} {[%emt 00:00:01]} Nf6 {[%clk 01:30:53]} {[%emt
00:00:08]} 2. Bf4 {[%clk 01:31:23]} {[%emt 00:00:05]} d6 {[%clk 01:31:00]}
{[%emt 00:00:23]} 3. Nc3 {[%clk 01:31:37]} {[%emt 00:00:16]} Nbd7 {[%clk
01:31:09]} {[%emt 00:00:21]} 4. Nf3 {[%clk 01:31:28]} {[%emt 00:00:39]} c6
{[%clk 01:28:24]} {[%emt 00:03:15]} 5. e4 {[%clk 01:24:07]} {[%emt 00:07:50]}
Qa5 {[%clk 01:22:06]} {[%emt 00:06:49]} 6. Qd2 {[%clk 01:11:15]} {[%emt
00:13:22]} e5 {[%clk 01:22:14]} {[%emt 00:00:21]} 7. Bg3 {[%clk 01:08:41]}
{[%emt 00:03:05]} Be7 {[%clk 01:13:14]} {[%emt 00:09:31]} 8. a3 {[%clk
00:49:44]} {[%emt 00:19:27]} O-O {[%clk 01:12:50]} {[%emt 00:00:53]} 9. Bd3
{[%clk 00:29:45]} {[%emt 00:20:29]} Re8 {[%clk 01:10:13]} {[%emt 00:03:08]} 10.
O-O {[%clk 00:29:20]} {[%emt 00:00:54]} Qc7 {[%clk 01:09:50]} {[%emt 00:00:53]}
11. Rfe1 {[%clk 00:25:31]} {[%emt 00:04:19]} Nh5 {[%clk 01:08:00]} {[%emt
00:02:20]} 12. dxe5 {[%clk 00:18:17]} {[%emt 00:07:45]} dxe5 {[%clk 01:07:53]}
{[%emt 00:00:37]} 13. Bc4 {[%clk 00:18:29]} {[%emt 00:00:18]} Nxg3 {[%clk
01:06:04]} {[%emt 00:02:19]} 14. hxg3 {[%clk 00:18:57]} {[%emt 00:00:01]} b5
{[%clk 01:04:40]} {[%emt 00:01:53]} 15. Ba2 {[%clk 00:15:26]} {[%emt 00:04:01]}
Nc5 {[%clk 00:59:48]} {[%emt 00:05:22]} 16. Nd1 {[%clk 00:09:12]} {[%emt
00:06:44]} h6 {[%clk 00:52:16]} {[%emt 00:08:03]} 17. Qc3 {[%clk 00:08:32]}
{[%emt 00:01:10]} Bf8 {[%clk 00:46:14]} {[%emt 00:06:32]} 18. Nh4 {[%clk
00:05:44]} {[%emt 00:03:18]} Kh7 {[%clk 00:44:08]} {[%emt 00:02:36]} 19. Qf3
{[%clk 00:04:43]} {[%emt 00:01:31]} Be6 {[%clk 00:41:01]} {[%emt 00:03:37]} 20.
Bxe6 {[%clk 00:03:40]} {[%emt 00:01:33]} Nxe6 {[%clk 00:40:37]} {[%emt
00:00:54]} 21. Qc3 {[%clk 00:01:37]} {[%emt 00:02:33]} Nc5 {[%clk 00:36:14]}
{[%emt 00:04:52]} 22. b4 {[%clk 00:01:14]} {[%emt 00:00:54]} Na4 {[%clk
00:33:33]} {[%emt 00:03:11]} 23. Qb3 {[%clk 00:01:34]} {[%emt 00:00:10]} Red8
{[%clk 00:21:02]} {[%emt 00:13:00]} 24. Ne3 {[%clk 00:01:55]} {[%emt 00:00:09]}
Rd4 {[%clk 00:19:53]} {[%emt 00:01:39]} 25. Nf3 {[%clk 00:01:38]} {[%emt
00:00:48]} Rd7 {[%clk 00:16:24]} {[%emt 00:03:58]} 26. c4 {[%clk 00:02:04]}
{[%emt 00:00:04]} Rad8 {[%clk 00:13:13]} {[%emt 00:03:40]} 27. cxb5 {[%clk
00:02:27]} {[%emt 00:00:07]} cxb5 {[%clk 00:13:39]} {[%emt 00:00:04]} 28. Rac1
{[%clk 00:02:26]} {[%emt 00:00:32]} Qb8 {[%clk 00:13:53]} {[%emt 00:00:15]} 29.
Nd5 {[%clk 00:02:23]} {[%emt 00:00:34]} f6 {[%clk 00:12:27]} {[%emt 00:01:56]}
30. Rc6 {[%clk 00:01:28]} {[%emt 00:01:25]} Rd6 {[%clk 00:05:47]} {[%emt
00:07:09]} 31. Rec1 {[%clk 00:01:27]} {[%emt 00:00:31]} Rxc6 {[%clk 00:05:45]}
{[%emt 00:00:32]} 32. Rxc6 {[%clk 00:01:55]} {[%emt 00:00:02]} Nb6 {[%clk
00:01:10]} {[%emt 00:05:05]} 33. Nxb6 {[%clk 00:02:14]} {[%emt 00:00:11]} axb6
{[%clk 00:01:35]} {[%emt 00:00:05]} 34. Qf7 {[%clk 00:02:05]} {[%emt 00:00:39]}
Rd1+ {[%clk 00:00:52]} {[%emt 00:01:13]} 35. Kh2 {[%clk 00:02:35]} Qd8 {[%clk
00:00:59]} {[%emt 00:00:23]} 36. Rc7 {[%clk 00:02:45]} {[%emt 00:00:20]} Rf1
{[%clk 00:00:42]} {[%emt 00:00:46]} 37. Rd7 {[%clk 00:00:43]} {[%emt 00:02:33]}
Qc8 {[%clk 00:00:45]} {[%emt 00:00:26]} 38. Nh4 {[%clk 00:00:34]} {[%emt
00:00:40]} Rxf2 {[%clk 00:00:36]} {[%emt 00:00:39]} 39. Qg6+ {[%clk 00:00:33]}
{[%emt 00:00:31]} Kh8 {[%clk 00:00:38]} {[%emt 00:00:28]} 40. Rf7 {[%clk
00:00:40]} {[%emt 00:00:23]} Qd8 {[%clk 00:00:32]} {[%emt 00:00:36]} 41. Nf5
{[%clk 00:00:44]} {[%emt 00:00:27]} Rxf5 {[%clk 00:00:35]} {[%emt 00:00:27]} 42.
Qxf5 {[%clk 00:00:53]} {[%emt 00:00:21]} Kg8 {[%clk 00:00:35]} {[%emt
00:00:30]} 43. Qe6 {[%clk 00:01:04]} {[%emt 00:00:19]} Kh7 {[%clk 00:00:35]}
{[%emt 00:00:29]} 44. Qd7 {[%clk 00:01:13]} {[%emt 00:00:21]} Qa8 {[%clk
00:00:48]} {[%emt 00:00:18]} 45. Qb7 {[%clk 00:01:30]} {[%emt 00:00:12]} Qd8
{[%clk 00:00:54]} {[%emt 00:00:24]} 46. Rd7 {[%clk 00:01:57]} {[%emt 00:00:04]}
Qe8 {[%clk 00:01:05]} {[%emt 00:00:18]} 47. g4 {[%clk 00:00:51]} {[%emt
00:01:36]} Qg6 {[%clk 00:00:41]} {[%emt 00:00:53]} 48. Qd5 {[%clk 00:00:35]}
{[%emt 00:00:46]} Qxg4 {[%clk 00:00:50]} {[%emt 00:00:21]} 49. Qd1 {[%clk
00:00:36]} {[%emt 00:00:29]} Qf4+ {[%clk 00:01:02]} {[%emt 00:00:18]} 50. Kh1
{[%clk 00:00:41]} {[%emt 00:00:25]} Qh4+ {[%clk 00:00:47]} {[%emt 00:00:44]} 51.
Kg1 {[%clk 00:01:10]} {[%emt 00:00:02]} Qg3 {[%clk 00:00:44]} {[%emt 00:00:32]}
52. Rd8 {[%clk 00:00:40]} {[%emt 00:01:01]} Be7 {[%clk 00:00:43]} {[%emt
00:00:31]} 53. Re8 {[%clk 00:00:54]} {[%emt 00:00:16]} Bd6 {[%clk 00:00:44]}
{[%emt 00:00:29]} 54. Qf3 {[%clk 00:00:59]} {[%emt 00:00:25]} Qe1+ {[%clk
00:00:57]} {[%emt 00:00:17]} 55. Kh2 {[%clk 00:01:19]} {[%emt 00:00:10]} Qh4+
{[%clk 00:01:21]} {[%emt 00:00:06]} 56. Kg1 {[%clk 00:01:04]} {[%emt 00:00:45]}
Qe1+ {[%clk 00:01:44]} {[%emt 00:00:06]} 57. Kh2 {[%clk 00:00:51]} {[%emt
00:00:43]} Qh4+ {[%clk 00:02:09]} {[%emt 00:00:05]} 58. Kg1 {[%clk 00:00:41]}
{[%emt 00:00:40]} Qe1+ {[%clk 00:02:37]} {[%emt 00:00:03]} 59. Kh2 {[%clk
00:01:07]} {[%emt 00:00:03]} Qh4+ {[%clk 00:02:57]} {[%emt 00:00:10]} 60. Kg1
{[%clk 00:01:06]} {[%emt 00:00:31]} 1/2-1/2

[Event "Pobeskydi 2026"]
[Site "?"]
[Date "2026.04.04"]
[Round "5.12"]
[White "Skorupa, Tobias"]
[Black "Osina, Jaromir"]
[Result "1-0"]
[WhiteElo "1859"]
[BlackElo "1972"]
[WhiteFideId "-1"]
[BlackFideId "-1"]
[PlyCount "105"]
[GameId "2295177789119443"]
[EventDate "2026.04.02"]

1. d4 d5 2. c4 c6 3. e3 e6 4. Nf3 Nf6 5. Nc3 Nbd7 6. Bd3 dxc4 7. Bxc4 b5 8. Bd3 a6 9. O-O Bb7 10. Qe2 c5 11. dxc5 Bxc5 12. b3 O-O 13. Rd1 Qb6 14. Bb2 Rfd8 15. Rac1 Rac8 16. h3 Qa5 17. Bb1 Bb4 18. Rd3 Ne4 19. Rxd7 Nxc3 20. Rxd8+ Rxd8 21. Bxc3 Bxc3 22. Bxh7+ Kxh7 23. Qc2+ Kg8 24. Qxc3 Qxa2 25. Ng5 Bd5 26. Qd3 Qb2 27. Qh7+ Kf8 28. Qh8+ Ke7 29. Rc7+ Rd7 30. Rxd7+ Kxd7 31. Nxf7 Qa1+ 32. Kh2 Qf6 33. Qh5 Qxf2 34. Qg6 Qf6 35. Qh5 Bxb3 36. Ne5+ Ke7 37. Nc6+ Kd6 38. Nd4 Bd5 39. Qe8 Qe5+ 40. Kh1 Qe4 41. Qf8+ Kc7 42. Qxg7+ Kb6 43. Qg5 a5 44. Qd8+ Kc5 45. Qc7+ Kb4 46. Qg3 a4 47. Qe1+ Kc5 48. Qc3+ Kb6 49. Qb2 Bc4 50. Qb4 Bf1 51. Qd6+ Ka7 52. Qc7+ Qb7 53. Nc6+ 1-0

[Event "Pobeskydi 2026"]
[Site "?"]
[Date "2026.04.04"]
[Round "5.13"]
[White "Shah, Samuel"]
[Black "Trybus, Daniel"]
[Result "0-1"]
[WhiteElo "1869"]
[BlackElo "2055"]
[WhiteFideId "-1"]
[BlackFideId "-1"]
[PlyCount "41"]
[GameId "2295179323972584"]
[EventDate "2026.04.02"]

{[%evp 0,41,16,16,128,48,117,88,88,53,21,21,21,14,8,5,62,39,25,14,19,34,79,-6,15,-18,-39,-36,-40,-41,9,-29,-38,-34,-22,-44,-45,-80,-15,-196,0,-131,-133,-128]} 1. e4 c5 2. Nf3 Nf6 3. e5 Nd5 4. d4 cxd4 5. Qxd4 e6 6. Bc4 Nc6 7. Qd1 Nde7 8. O-O Ng6 9. Re1 Qc7 10. Bb3 d5 11. Qe2 Be7 12. Nbd2 O-O 13. Nf1 b5 14. Bd2 Bb7 15. Rac1 a5 16. c3 b4 17. cxb4 axb4 18. Red1 Ra7 19. a3 Ngxe5 20. axb4 Nxf3+ 21. Qxf3 {necitelny zapis} 0-1

[Event "Pobeskydi 2026"]
[Site "?"]
[Date "2026.04.04"]
[Round "5.14"]
[White "Hlavacek, Pavel"]
[Black "Plechacek, Matej"]
[Result "0-1"]
[WhiteElo "1982"]
[BlackElo "1801"]
[WhiteFideId "-1"]
[BlackFideId "-1"]
[PlyCount "72"]
[GameId "2295180263529453"]
[EventDate "2026.04.02"]

1. Nf3 c5 2. g3 Nc6 3. Bg2 g6 4. O-O Bg7 5. c4 d6 6. Nc3 Nf6 7. d3 O-O 8. a3 Ne8 9. Rb1 Nc7 10. Bd2 a5 11. Nb5 Rb8 12. Bc3 Nxb5 13. cxb5 Na7 14. Bxg7 Kxg7 15. a4 b6 16. d4 Bb7 17. Re1 Be4 18. d5 e5 19. Nd2 Bxg2 20. Kxg2 Nc8 21. e4 f5 22. exf5 Rxf5 23. Rf1 Qf8 24. Ne4 Rb7 25. h4 h6 26. Qd2 Rbf7 27. Qe2 Qe7 28. Rh1 Qd8 29. h5 g5 30. g4 Rf4 31. Rh3 Ne7 32. Rd1 Qd7 33. Rg3 Ng8 34. Rdd3 Nf6 35. Nxf6 R7xf6 36. Rdf3 Rxf3 0-1

[Event "Pobeskydi 2026"]
[Site "?"]
[Date "2026.04.04"]
[Round "5.15"]
[White "Janovicek, Lukas"]
[Black "Ciupka, Kamil"]
[Result "1-0"]
[WhiteElo "1846"]
[BlackElo "1981"]
[WhiteFideId "-1"]
[BlackFideId "-1"]
[PlyCount "83"]
[GameId "2295182434925674"]
[EventDate "2026.04.02"]

1. e4 e6 2. d4 d5 3. exd5 exd5 4. Nf3 Bd6 5. Bd3 h6 6. O-O Be6 7. Re1 Ne7 8. c3 c6 9. Nbd2 Nd7 10. Qc2 Qc7 11. a4 g5 12. g3 O-O-O 13. c4 Bb4 14. c5 Rdg8 15. Ne5 Nxe5 16. Rxe5 b6 17. Nb3 Kd7 18. Bd2 Bxd2 19. Qxd2 Ng6 20. Re3 Nf4 21. cxb6 axb6 22. a5 Ra8 23. Re5 Nh3+ 24. Kf1 g4 25. Rae1 Ng5 26. axb6 Qxb6 27. Nc5+ Kc8 28. Be2 Ra2 29. Bxg4 Qb5+ 30. Kg1 Kb8 31. Qf4 Ka7 32. Nxe6 fxe6 33. h3 Ne4 34. Bf3 Qb4 35. Qe3 Nd2 36. Rxe6 Rf8 37. Re7+ Kb6 38. Bg2 Rxb2 39. Qe5 Ne4 40. Qc7+ Kb5 41. Qb7+ Kc4 42. Qxc6+ 1-0